Manual de presupuestos
Zapisane w:
| Główni autorzy: | , |
|---|---|
| Format: | Książka |
| Język: | hiszpański |
| Wydane: |
Ciudad de México
McGraw-Hill
1984
|
| Hasła przedmiotowe: | |
| Etykiety: |
Dodaj etykietę
Nie ma etykietki, Dołącz pierwszą etykiete!
|
MARC
| LEADER | 00000nam a2200000 a 4500 | ||
|---|---|---|---|
| 001 | UCQ0196 | ||
| 003 | CL-VaPUC | ||
| 008 | 980627e19840000MX |||||||||||||||||spa|d | ||
| 082 | 0 | 4 | |a 658.152 |b SWE |2 21 |
| 100 | 0 | |a Sweeney, Henry W |e author |9 413258 | |
| 700 | 0 | |a Rachlin, Robert |e author |9 413259 | |
| 245 | 1 | 0 | |a Manual de presupuestos |
| 300 | |a 884 p | ||
| 942 | |c BK | ||
| 945 | |d 19980627 00:00:00 |a cmena | ||
| 260 | |a Ciudad de México |b McGraw-Hill |c 1984 | ||
| 650 | 7 | |a PRESUPUESTO |2 CL-VaPUC |9 306206 | |
| 650 | 0 | |a Control presupuestario |9 345693 | |
| 650 | 0 | |a Administración financiera |9 261146 | |
| 650 | 0 | |a Planificación estratégica |9 259735 | |
| 650 | 0 | |a Inversiones |9 261520 | |
| 650 | 0 | |a Toma de decisiones |9 257530 | |
| 583 | |a last modification |c 19980627 00:00:00 |k Rodrigo Vera | ||
| 999 | |c 271335 |d 271333 | ||
| 952 | |0 0 |1 0 |4 0 |6 658_152000000000000_SWE_1984 |7 0 |8 A |9 305967 |a BIBGIM |b BIBGIM |d 2019-11-20 |i 1422928 |o 658.152 SWE 1984 |p 1422928 |r 2025-01-15 |w 2019-11-20 |y BK |k COM | ||